Understandings of the church / (Record no. 10378)
[ view plain ]
| 000 -LEADER | |
|---|---|
| fixed length control field | 02074cam a2200325Ki 4500 |
| 001 - CONTROL NUMBER | |
| control field | 944463330 |
| 003 - CONTROL NUMBER IDENTIFIER | |
| control field | OCoLC |
| 005 - DATE AND TIME OF LATEST TRANSACTION | |
| control field | 20241126110731.0 |
| 008 - FIXED-LENGTH DATA ELEMENTS--GENERAL INFORMATION | |
| fixed length control field | 160314s2016 mnu b 001 0 eng d |
| 020 ## - INTERNATIONAL STANDARD BOOK NUMBER | |
| International Standard Book Number | 1451496362 (pbk. : alk. paper) |
| 020 ## - INTERNATIONAL STANDARD BOOK NUMBER | |
| International Standard Book Number | 9781451496369 (pbk. : alk. paper) |
| 035 ## - SYSTEM CONTROL NUMBER | |
| System control number | (OCoLC)944463330 |
| 040 ## - CATALOGING SOURCE | |
| Original cataloging agency | YDXCP |
| Language of cataloging | eng |
| Description conventions | rda |
| Transcribing agency | YDXCP |
| Modifying agency | WIO |
| -- | OCLCQ |
| -- | WIO |
| -- | BDX |
| -- | OCLCO |
| -- | OCLCF |
| -- | OCLCO |
| -- | LNT |
| -- | LTS |
| 050 #4 - | |
| -- | BV598 |
| -- | .U53 2016 |
| 082 ## - DEWEY DECIMAL CLASSIFICATION NUMBER | |
| Classification number | 270 |
| Item number | FER |
| 245 00 - TITLE STATEMENT | |
| Title | Understandings of the church / |
| Statement of responsibility, etc. | Everett Ferguson, volume editor. |
| 264 #1 - PRODUCTION, PUBLICATION, DISTRIBUTION, MANUFACTURE, AND COPYRIGHT NOTICE | |
| Place of production, publication, distribution, manufacture | Minneapolis, MN : |
| Name of producer, publisher, distributor, manufacturer | Fortress Press, |
| Date of production, publication, distribution, manufacture, or copyright notice | [2016] |
| 300 ## - PHYSICAL DESCRIPTION | |
| Extent | xi, 179 pages ; |
| Dimensions | 22 cm. |
| 336 ## - CONTENT TYPE | |
| Content type term | text |
| Content type code | txt |
| Source | rdacontent |
| 337 ## - MEDIA TYPE | |
| Media type term | unmediated |
| Media type code | n |
| Source | rdamedia |
| 338 ## - CARRIER TYPE | |
| Carrier type term | volume |
| Source | rdacarrier |
| 490 1# - SERIES STATEMENT | |
| Series statement | Ad fontes: early Christian sources. |
| 500 ## - GENERAL NOTE | |
| General note | Includes bibliographical references (pages 157-162) and indexes. |
| 505 0# - FORMATTED CONTENTS NOTE | |
| Formatted contents note | Introduction -- 1 Clement -- 2 Clement -- Ignatius of Antioch -- Hermas, Shepherd -- Justin Martyr -- Irenaeus -- Letter of the churches of Vienne and Lyons -- Clement of Alexandria -- Tertullian -- Hippolytus -- Pseudo-Clement -- Origen -- Cyprian -- Firmilian -- Methodius -- Eusebius -- Athanasius -- Cyril of Jerusalem -- Basil the Great -- Gregory of Nyssa -- Ephrem the Syrian -- Ambrose -- The Niceno-Constantinopolitan Creed of 381 -- John Chrysostom -- Theodore of Mopsuestia -- Augustine. |
| 520 ## - SUMMARY, ETC. | |
| Summary, etc. | Understandings of the Church explores the ways imagery is used by biblical writers and early Christian teachers such as Cyprian, Ignatius of Antioch, Tertullian, Clement of Alexandria, and Origen to describe the concept of church. |
| 650 #0 - SUBJECT ADDED ENTRY--TOPICAL TERM | |
| Topical term or geographic name entry element | Church |
| General subdivision | History of doctrines |
| Chronological subdivision | Early church, ca. 30-600 |
| Authority record control number or standard number | https://id.loc.gov/authorities/subjects/sh2008100650 |
| Form subdivision | Sources. |
| Authority record control number or standard number | https://id.loc.gov/authorities/subjects/sh2002012007 |
| 9 (RLIN) | 18030 |
| 700 1# - ADDED ENTRY--PERSONAL NAME | |
| Personal name | Ferguson, Everett, |
| Dates associated with a name | 1933- |
| Authority record control number or standard number | https://id.loc.gov/authorities/names/n84074969 |
| Relator term | editor. |
| 9 (RLIN) | 111 |
| 830 #0 - | |
| -- | Ad fontes (Minneapolis, Minn.) |
| -- | https://id.loc.gov/authorities/names/no2017018720 |
| -- | 18029 |
| 942 ## - ADDED ENTRY ELEMENTS (KOHA) | |
| Source of classification or shelving scheme | Dewey Decimal Classification |
| Koha item type | Books |
| Withdrawn status | Lost status | Source of classification or shelving scheme | Damaged status | Not for loan | Home library | Current Library | Shelving location | Date acquired | Total checkouts | Full call number | Barcode | Date last seen | Date last checked out | Copy number | Price effective from | Koha item type |
|---|---|---|---|---|---|---|---|---|---|---|---|---|---|---|---|---|
| Dewey Decimal Classification | GRACE BIBLE COLLEGE | GRACE BIBLE COLLEGE | Church History | 2024-07-08 | 1 | 270 FER | 020752 | 2025-08-04 | 2025-08-01 | c.1 | 2024-07-08 | Books | ||||
| Dewey Decimal Classification | GRACE BIBLE COLLEGE | GRACE BIBLE COLLEGE | Church History | 2025-11-20 | 2 | 270 FER | 017332 | 2026-02-12 | 2026-02-11 | c.2 | 2025-11-20 | Books |